000 00462nam a22001697a 4500
003 NUST - PNEC
005 20170116180909.0
008 150902b xxu||||| |||| 00| 0 eng d
020 _a0878915222
040 _cLIBRARY
082 _a620.1112 RER
100 _96917
_aM.Fogiel,Dr.
245 _aProblem solver in strength of materials & mechanics of solids
_cDr.M. Fogiel
260 _cc.1980
650 _96920
_aMeachnical engineering
_xME
942 _2ddc
_cBK
999 _c65208
_d65208